[Event "ch-FRA National A"]
[Site "Nimes FRA"]
[Date "2009.08.10"]
[Round "1"]
[White "Fressinet,L"]
[Black "Sokolov,And1"]
[Result "1/2-1/2"]
[WhiteElo "2667"]
[BlackElo "2570"]

1.e4 c5 2.Nc3 e6 3.Nf3 Nc6 4.d4 cxd4 5.Nxd4 Qc7 6.Be3 Nf6 7.Be2 Be7 8.O-O O-O
9.f4 d6 10.Ndb5 Qb8 11.a4 b6 12.Bf3 Bb7 13.Qe2 Nb4 14.Rad1 Rc8 15.Qd2 Rd8
16.Qf2 Nd7 17.Rd4 Nc6 18.Rd2 a6 19.Na3 Qc7 20.Nc4 Nc5 21.f5 Ne5 22.Nxe5 dxe5
23.fxe6 fxe6 24.Rxd8+ Rxd8 25.Bg4 Rf8 26.Qe2 Rxf1+ 27.Qxf1 Qc6 28.Qc4 Kf7
29.Qf1+ Kg8 30.Qe2 Nd7 31.Qd3 Nc5 32.Qc4  1/2-1/2

[Event "GMB"]
[Site "Olomouc CZE"]
[Date "2009.08.10"]
[Round "6"]
[White "Kanovsky,D"]
[Black "Zakhartsov,Vi"]
[Result "1/2-1/2"]
[WhiteElo "2483"]
[BlackElo "2541"]

1.e4 c5 2.Nf3 e6 3.d4 cxd4 4.Nxd4 Nc6 5.Nc3 Qc7 6.g3 a6 7.Bg2 d6 8.O-O Bd7
9.Re1 Be7 10.Nxc6 Bxc6 11.a4 Nf6 12.Be3 O-O 13.a5 Nd7 14.Na4 Rae8 15.Nb6 f5
16.Nxd7 Qxd7 17.Qd3 fxe4 18.Bxe4 Bxe4  1/2-1/2

[Event "24th ICT Acropolis"]
[Site "Chalkida GRE"]
[Date "2009.08.11"]
[Round "2"]
[White "David,Alb"]
[Black "Reshetnikov,A"]
[Result "1/2-1/2"]
[WhiteElo "2565"]
[BlackElo "2006"]

1.e4 c5 2.Nf3 e6 3.d4 cxd4 4.Nxd4 Nc6 5.Nc3 Qc7 6.Be3 Nf6 7.Be2 a6 8.O-O b5
9.Nxc6 dxc6 10.f4 Be7 11.e5 Nd5 12.Nxd5 cxd5 13.c3 Bd7 14.Qd2 O-O 15.Bd4 Bc5
16.Bxc5 Qxc5+ 17.Qd4 Rfc8 18.Qxc5 Rxc5 19.a3 Rcc8 20.Rfd1 Kf8 21.Rd4 Ke7
22.Bd3 Rab8 23.Kf2 a5 24.Ke3 Rc4 25.Bxc4 bxc4 26.Rd2 h5 27.Rad1 f6 28.exf6+ Kxf6
29.Kd4 Be8 30.f5 e5+ 31.Kxd5 Ba4 32.Ke4 Bxd1 33.Rxd1 Rxb2 34.Rd6+ Kf7 35.Rg6 Rc2
36.Kxe5 Rxc3 37.a4 Re3+ 38.Kd4 Ra3 39.Rg5 c3 40.Kd3 Rxa4 41.Kxc3 Rg4 42.Rxh5 Rxg2
43.f6 Kxf6 44.Rxa5 Rxh2 45.Kd3 Rf2 46.Ke3 Rf1 47.Ra2 Ke6 48.Rg2 Kf6 49.Rg3 g6
50.Rg2 Kf5 51.Rg3 Kf6 52.Rg2 Kg7 53.Ke2 Rf5 54.Ke3 Kh6 55.Rh2+ Rh5 56.Rg2 g5
57.Kf3 Rh3+ 58.Kg4  1/2-1/2

[Event "Asian Zone 3.2 m"]
[Site "New Delhi IND"]
[Date "2009.08.11"]
[Round "4"]
[White "Reefat,S"]
[Black "Rahman,Zia"]
[Result "0-1"]
[WhiteElo "2486"]
[BlackElo "2538"]

1.e4 c5 2.Nf3 e6 3.d4 cxd4 4.Nxd4 Nc6 5.Nc3 Qc7 6.Be3 a6 7.Qd2 Nf6 8.O-O-O Bb4
9.f3 O-O 10.g4 b5 11.g5 Nh5 12.f4 e5 13.Nxc6 dxc6 14.f5 Re8 15.Qf2 a5 16.Ne2 a4
17.Ng3 a3 18.b3 Nf4 19.Bc5 Bc3 20.Ne2 Bb2+ 21.Kb1 g6 22.Bd6 Qd8 23.Nxf4 exf4
24.Bh3 Qxg5 25.Bxf4 Qf6 26.Rd6 Qe7 27.Rhd1 Be5 28.Bxe5 Qxe5 29.Qd4 Qxd4 30.R1xd4 c5
31.R4d5 Bb7 32.Rxc5 Bxe4 33.Kc1 Bf3 34.Rd3 Rad8 35.fxg6 hxg6 36.Rxd8 Rxd8
37.Rc8 Rxc8 38.Bxc8 f5 39.Ba6 Bc6 40.Kd2 g5 41.c4 b4 42.Bb5 Be4 43.c5 Kf8
44.c6 Ke7 45.c7 Bb7 46.Kd3 Kd6 47.Kc4 Kxc7 48.Kxb4 Kb6 49.Bd3 f4 50.Kc3 Kc5
51.b4+ Kd5 52.Kb3 Kd4 53.Bf1 Ke3 54.Kxa3 Kf2  0-1

[Event "ch-FRA National w"]
[Site "Nimes FRA"]
[Date "2009.08.11"]
[Round "1"]
[White "Congiu,M"]
[Black "Milliet,S"]
[Result "0-1"]
[WhiteElo "2169"]
[BlackElo "2388"]

1.e4 c5 2.Nf3 e6 3.d4 cxd4 4.Nxd4 Nc6 5.Nc3 Qc7 6.Ndb5 Qb8 7.Be3 a6 8.Bb6 axb5
9.Nxb5 Bb4+ 10.c3 Ba5 11.Nc7+ Qxc7 12.Bxc7 Bxc7 13.Qg4 Kf8 14.Bb5 Nf6 15.Qe2 d5
16.exd5 exd5 17.O-O Be6 18.Qe3 Bxh2+ 19.Kh1 Bd6 20.Qb6 Rb8 21.Bxc6 bxc6 22.Qxc6 Ke7
23.Qa6 Rxb2 24.Rab1 Rhb8 25.Rxb2 Rxb2 26.Qa7+ Kf8 27.c4 dxc4 28.Qd4 Ba3 29.Qd8+ Ne8
30.f4 Bd6 31.Qa5 g6 32.a4 Rb3 33.g4 Bxg4 34.Qd5 Be6 35.Qd4 Rh3+ 36.Kg2 Rd3
37.Qh8+ Ke7 38.Re1 Rd2+ 39.Kf3 Rd3+ 40.Re3 Rd5 41.Qc3 Bc5 42.Rxe6+ fxe6 43.Qxc4 Bd6
44.Qc3 Rf5 45.a5 Rxf4+ 46.Ke3 Nc7 47.Qc6 Rb4 48.a6 Rb3+ 49.Kf2 Ra3 50.Qh1 h5
51.Qh4+ Kf7 52.Qd8 Rxa6 53.Qd7+ Kf6 54.Qd8+ Kf5  0-1

[Event "Baltic Queen"]
[Site "St Petersburg RUS"]
[Date "2009.08.11"]
[Round "1"]
[White "Arakhamia,K"]
[Black "Cramling,P"]
[Result "1/2-1/2"]
[WhiteElo "2506"]
[BlackElo "2525"]

1.e4 c5 2.Nf3 e6 3.d4 cxd4 4.Nxd4 Nc6 5.Nc3 Qc7 6.Be3 a6 7.Qd2 Nf6 8.f3 Nxd4
9.Bxd4 e5 10.Be3 Bb4 11.a3 Bxc3 12.Qxc3 Qxc3+ 13.bxc3 d5 14.exd5 Nxd5 15.Bd2 Be6
16.Rb1 O-O-O 17.Bd3 Rd6 18.O-O Rc6 19.c4 Ne7 20.Rfe1 Bxc4 21.Rxe5 Ng6 22.Bxg6 hxg6
23.Re7 Rc7 24.Rxc7+ Kxc7 25.Ba5+ Kb8 26.Bc3 Re8 27.Bxg7 Re2 28.c3 Kc7 29.a4 Ra2
30.Rb4 Ra1+ 31.Kf2 Ra2+ 32.Kg1 Ra1+ 33.Kf2 Ra2+ 34.Ke3 b5 35.axb5 axb5 36.g4 Kd6
37.h4 Rh2 38.Rb1 Rxh4 39.Rd1+ Ke6 40.Bf8 f5 41.gxf5+  1/2-1/2

[Event "XVIII TCh-MKD"]
[Site "Struga MKD"]
[Date "2009.08.11"]
[Round "2"]
[White "Mamedov,Rau"]
[Black "Mitkov,M"]
[Result "1/2-1/2"]
[WhiteElo "2645"]
[BlackElo "2382"]

1.e4 c5 2.Nf3 e6 3.d4 cxd4 4.Nxd4 Nc6 5.Nc3 Qc7 6.g3 a6 7.Bg2 Nf6 8.O-O Nxd4
9.Qxd4 Bc5 10.Qd3 h6 11.Na4 Ba7 12.Be3 d6 13.Rad1 Bd7 14.Bxa7 Rxa7 15.Nc3 Ke7
16.Qd4 b6 17.f4 Qc5 18.Qxc5 bxc5 19.e5 dxe5 20.fxe5 Ng4 21.Rfe1 h5 22.h3 Nh6
23.Ne4 Rc7 24.Re3 Bc6 25.Rc3 Bxe4 26.Bxe4 Rb8 27.b3 Rb4 28.Bf3 Nf5 29.a3 Rd4
30.Kf2 h4 31.gxh4 Rxd1 32.Bxd1 Nxh4 33.Be2 Ng6 34.Bxa6 Nxe5 35.Bb5 Kd6 36.a4 Ra7
37.Rg3 g6 38.c3 f5 39.Rg1 Rh7 40.Kg2 g5 41.a5 Ng6 42.Rd1+ Kc7 43.a6 Nf4+
44.Kf1 Kb6 45.Bc4 g4 46.Rd6+ Ka7 47.hxg4 fxg4 48.Bxe6 g3 49.Rd7+ Rxd7 50.Bxd7 Kxa6  1/2-1/2

[Event "80th Jubilee Viktor Kart"]
[Site "Lviv UKR"]
[Date "2009.08.12"]
[Round "11"]
[White "Fridman,R"]
[Black "Bulmaga,I"]
[Result "1/2-1/2"]
[WhiteElo "1903"]
[BlackElo "2277"]

1.e4 c5 2.Nf3 e6 3.d4 cxd4 4.Nxd4 Nc6 5.Nc3 Qc7 6.Be2 a6 7.Be3 Nf6 8.O-O Bb4
9.Na4 O-O 10.Nxc6 bxc6 11.Nb6 Rb8 12.Nxc8 Rfxc8 13.Bxa6 Rd8 14.Bd3 Bd6 15.b3 Bxh2+
16.Kh1 Be5 17.Rb1 Bc3 18.f4 e5 19.Qf3 Re8 20.f5 d5 21.Bg5 Qa5 22.a3 dxe4
23.Bxe4 Nxe4 24.Qxe4 Qd5 25.Qg4 e4 26.Rbd1 Qc5 27.b4 Qf8 28.Be3 f6 29.Rd7 Kh8
30.Rfd1 Qg8 31.Rc7 Rbc8 32.Rxc8 Rxc8  1/2-1/2

[Event "Pan-American Teams"]
[Site "Mendes BRA"]
[Date "2009.08.12"]
[Round "4"]
[White "Subervi,J"]
[Black "Quesada Perez,Y"]
[Result "0-1"]
[WhiteElo "2227"]
[BlackElo "2584"]

1.e4 c5 2.Nf3 e6 3.d4 cxd4 4.Nxd4 Nc6 5.Nc3 Qc7 6.Be3 a6 7.Bd3 Nf6 8.O-O b5
9.Nxc6 Qxc6 10.f3 Bc5 11.Qe1 d6 12.Kh1 Bxe3 13.Qxe3 O-O 14.a4 b4 15.Ne2 Bb7
16.c3 Qc5 17.Qd2 bxc3 18.Nxc3 Rfd8 19.Rfc1 Qb4 20.a5 Bc6 21.Qe2 Qb7 22.Rab1 Nd7
23.b4 Ne5 24.Bc2 Rac8 25.f4 Ng6 26.Qf1 Qa8 27.Bd3 Bb7 28.f5 Ne5 29.Be2 exf5
30.Qxf5 Rxc3 31.Rxc3 Bxe4 32.Qf1 Bxb1 33.Qxb1 g6 34.Qf1 Qe4 35.Rb3 Rb8 36.b5 Qa4
37.Qb1 Qxa5 38.b6 Nd7 39.b7 Nc5 40.Rb6 Rxb7 41.Rxb7 Nxb7 42.h3 Qe5 43.Bxa6 Nc5
44.Qb8+ Kg7 45.Bc4 Ne4 46.Qb7 Nf2+  0-1

[Event "ch-FRA National w"]
[Site "Nimes FRA"]
[Date "2009.08.12"]
[Round "2"]
[White "Congiu,M"]
[Black "Guichard,P"]
[Result "1/2-1/2"]
[WhiteElo "2169"]
[BlackElo "2261"]

1.e4 c5 2.Nf3 e6 3.d4 cxd4 4.Nxd4 Nc6 5.Nc3 a6 6.Nxc6 bxc6 7.e5 Qc7 8.Qe2 Ne7
9.f4 Ng6 10.Ne4 a5 11.Be3 d5 12.exd6 Bxd6 13.Nxd6+ Qxd6 14.Qd2 Qxd2+ 15.Bxd2 O-O
16.O-O-O e5 17.fxe5 Nxe5 18.Bc3 Ng4 19.Bd4 Be6 20.a3 Nh6 21.Be2 Bd5 22.Rhe1 Rfe8
23.Bf1 Nf5 24.Bf2 a4 25.c4 Rxe1 26.Rxe1 Be6 27.Rd1 f6 28.Kc2 Rb8 29.Ba7 Ra8
30.Bf2 Kf7 31.Bd3 Nd6 32.Bg6+ Kxg6 33.Rxd6 Bxc4 34.Rxc6 Bb3+ 35.Kd2 Rd8+
36.Ke2 Re8+ 37.Kf1 Rd8 38.Be1 Rd1 39.Kf2 Rb1 40.Bc3 Rh1 41.Kg3 h5 42.Rd6 Kg5
43.Rd4 Rf1 44.Bd2+ Kf5 45.Rd3 Bd1 46.Rd5+ Ke4 47.Rd7 g5 48.h4 gxh4+  1/2-1/2

[Event "ch-FRA National A"]
[Site "Nimes FRA"]
[Date "2009.08.12"]
[Round "3"]
[White "Degraeve,JM"]
[Black "Sokolov,And1"]
[Result "1-0"]
[WhiteElo "2559"]
[BlackElo "2570"]

1.e4 c5 2.Nf3 e6 3.d4 cxd4 4.Nxd4 Nc6 5.Nc3 Qc7 6.Be3 Nf6 7.f4 Bb4 8.Nb5 Qa5
9.e5 Nd5 10.Bd2 Nxc3 11.bxc3 Bc5 12.c4 Qd8 13.Bd3 b6 14.Bc3 Ba6 15.Qg4 Kf8
16.O-O-O h5 17.Qf3 Rc8 18.f5 Bxb5 19.cxb5 Nd4 20.Qf4 Nxf5 21.Bxf5 exf5 22.Qxf5 Ba3+
23.Bb2 Bxb2+ 24.Kxb2 g6 25.Qxd7 Qc7 26.Qxc7 Rxc7 27.Rd8+ Kg7 28.Rxh8 Kxh8
29.Rd1 Kg7 30.Kb3 g5 31.c4 Kg6 32.Rd5 g4 33.a4 Kf5 34.e6+ Kxe6 35.Rxh5 f5
36.g3 Ke5 37.Rh8 Ke4 38.Kb4 Kf3 39.Rd8 Rh7 40.Rd2 Ke3 41.Ra2 Kd4 42.Rf2 Rc7
43.Rd2+ Ke3 44.Rd5 Ke4 45.Kc3 Rh7 46.Rd2 Ke3 47.a5 bxa5 48.Ra2 f4 49.gxf4 Kxf4
50.Rxa5 Rxh2 51.Rxa7 g3 52.Rf7+ Ke5 53.Rg7 Rg2 54.Kb4 Kf4 55.c5 Rb2+ 56.Ka5  1-0

[Event "A2Bmedialtd.com Int Gp A"]
[Site "Uxbridge ENG"]
[Date "2009.08.12"]
[Round "1"]
[White "Venkataramanan,T"]
[Black "Tozer,R"]
[Result "1/2-1/2"]
[WhiteElo "2267"]
[BlackElo "2296"]

1.e4 c5 2.Nf3 Nc6 3.d4 cxd4 4.Nxd4 e6 5.Nc3 Nf6 6.Nxc6 bxc6 7.e5 Nd5 8.Bd3 Qc7
9.Qe2 d6 10.Nxd5 cxd5 11.Bf4 Rb8 12.O-O Rb4 13.Bg3 Be7 14.c3 Rb6 15.a4 O-O
16.a5 Rb8 17.Ra4 g6 18.Re1 Bd7 19.exd6 Bxd6 20.Bxd6 Qxd6 21.Rh4 Qe7 22.Rd4 Qf6
23.f4 Rfc8 24.Kh1 Rc5 25.Rb4 Rxb4 26.cxb4 Rc7 27.Qf2 Qe7 28.Qd4 Rb7 29.b5 Bxb5
30.Rc1 Qd7 31.a6 Rb8 32.Bxb5 Rxb5 33.h3 Rb6 34.Qe5 Rd6 35.b4 Qd8 36.b5 Rb6
37.Rc7 d4 38.Rxa7 d3 39.Qc7 Qxc7 40.Rxc7 d2 41.Rd7 Rxb5 42.Rxd2 Ra5 43.Rd8+ Kg7
44.Ra8 h5 45.g4 hxg4 46.hxg4 g5 47.fxg5 Rxg5 48.a7 Ra5 49.Kg2 Kf6 50.Kg3 Ke5
51.g5 Ke4 52.Kg4 Ke3 53.g6  1/2-1/2

[Event "ITT Vicente Lopez"]
[Site "Villa Martelli ARG"]
[Date "2009.08.12"]
[Round "8"]
[White "Lopez Azambuja,N"]
[Black "De Dovitiis,A"]
[Result "0-1"]
[WhiteElo "2185"]
[BlackElo "2346"]

1.e4 c5 2.Nf3 e6 3.d4 cxd4 4.Nxd4 Nc6 5.Nc3 Qc7 6.Be3 Nf6 7.Qd2 Bb4 8.f3 d5
9.O-O-O dxe4 10.Ndb5 Qb8 11.Bg5 a6 12.Bxf6 gxf6 13.Nd4 e3 14.Qd3 Qf4 15.Nce2 Bd2+
16.Kb1 Qd6 17.Nxc6 Qxd3 18.cxd3 bxc6 19.Nd4 e5 20.Nb3 Bb4 21.Rc1 Be6 22.Rxc6 Kd7
23.Rc2 Rhc8 24.Rxc8 Rxc8 25.Be2 f5 26.Rd1 f4 27.d4 Bf5+ 28.Ka1 Bc2 29.Rc1 Bd2
30.Rf1 Bxb3 31.axb3 exd4 32.Kb1 a5 33.Bd3 Rc5 34.Rh1 h5 35.Rg1 h4 36.h3 Kd6
37.Rh1 Ke7 38.Rg1 Bb4 39.Rc1 Re5  0-1

[Event "Jubilee Open"]
[Site "Zuerich SUI"]
[Date "2009.08.12"]
[Round "5"]
[White "Gopal,G"]
[Black "Hobuss,U"]
[Result "1-0"]
[WhiteElo "2575"]
[BlackElo "2400"]

1.e4 c5 2.Nf3 Nc6 3.Nc3 e6 4.d4 cxd4 5.Nxd4 Nf6 6.a3 Qc7 7.Be3 a6 8.f4 d6
9.Be2 Be7 10.O-O O-O 11.Kh1 Re8 12.Qe1 e5 13.fxe5 dxe5 14.Qg3 Nxd4 15.Bxd4 Bd8
16.Be3 Be6 17.Bh6 g6 18.Rf2 Qc6 19.Raf1 Nxe4 20.Nxe4 Qxe4 21.Bg4 Bxg4 22.Rxf7 Bg5
23.Qb3  1-0

[Event "24th ICT Acropolis"]
[Site "Chalkida GRE"]
[Date "2009.08.13"]
[Round "4"]
[White "Kordis,K"]
[Black "Botsari,A"]
[Result "0-1"]
[WhiteElo "2221"]
[BlackElo "2298"]

1.e4 c5 2.Nf3 e6 3.d4 cxd4 4.Nxd4 Nc6 5.Nc3 Qc7 6.g3 a6 7.Bg2 d6 8.O-O Bd7
9.Kh1 Be7 10.f4 Nxd4 11.Qxd4 Bf6 12.Qe3 Ne7 13.Bd2 Bc6 14.Rae1 Rd8 15.g4 h6
16.Qh3 g5 17.Qf3 Ng6 18.Nd5 Bxd5 19.exd5 e5 20.fxe5 Bxe5 21.Ba5 Qd7 22.Bxd8 Kxd8
23.Qxf7 Nf4 24.Qxd7+ Kxd7 25.Bf3 Rc8 26.c3 b5 27.Be4 Rc4 28.Bc2 Kc7 29.Rf3 Rc5
30.Bb3 a5 31.a3 Kb6 32.Rfe3 Nxd5 33.Bxd5 Rxd5 34.Kg2 a4 35.R1e2 Rd1 36.Kf3 Rh1
37.Ke4 Kc6 38.Kf5 Bxh2 39.Rh3 Rf1+ 40.Kg6 Bf4 41.Kxh6 Kc5 42.Rh5 Rd1 43.Kg6 Rd5
44.Rh8 Rd2 45.Rc8+ Kd5 46.Rxd2+ Bxd2 47.Re8 Bc1 48.Re2 Kc5 49.Kf5 d5 50.Ke6 Kc4
51.Kd6 Kb3 52.Kxd5 Bxb2 53.Kc5 Bxa3+ 54.Kxb5 Bb2 55.c4 a3 56.c5 a2 57.Re1 a1=Q
58.Rxa1 Bxa1 59.c6 Be5 60.Kc5 Bc7  0-1

[Event "24th ICT Acropolis"]
[Site "Chalkida GRE"]
[Date "2009.08.13"]
[Round "4"]
[White "Galopoulos,N"]
[Black "Okara,A"]
[Result "1/2-1/2"]
[WhiteElo "2255"]
[BlackElo "2389"]

1.e4 c5 2.Nf3 e6 3.d4 cxd4 4.Nxd4 Nc6 5.Nc3 d6 6.Be2 Nf6 7.Be3 Be7 8.O-O O-O
9.Qd2 a6 10.a4 Qc7 11.Nb3 b6 12.f3 Rd8 13.Rfd1 Rb8 14.Bd3 Bb7 15.Qe2 Nb4
16.Qf2 Nd7 17.Bf1 Nc6 18.Rd2 Nce5 19.a5 b5 20.Bxb5 axb5 21.Nxb5 Qc6 22.N3d4 Qa6
23.Nc7 Qc4 24.Ncb5 Ba6 25.b3 Qc8 26.c4 Nc5 27.Rad1 Nxb3 28.Nxb3 Nxc4 29.Na7 Qb7
30.Bb6 Nxd2 31.Qxd2 Rd7 32.Nc5 Qxa7 33.Bxa7 Rxa7 34.Nxa6 Rxa6 35.Rc1 Rba8
36.Qb4 Rxa5  1/2-1/2

[Event "XII Bancpost A"]
[Site "Miercurea Ciuc ROM"]
[Date "2009.08.13"]
[Round "6"]
[White "Szakats,S"]
[Black "Dicu,R"]
[Result "0-1"]
[WhiteElo "1854"]
[BlackElo "2126"]

1.e4 c5 2.Nf3 e6 3.d4 cxd4 4.Nxd4 Nc6 5.Nc3 Qc7 6.Ndb5 Qb8 7.Be3 a6 8.Nd4 Qc7
9.a3 Nf6 10.Be2 b5 11.f4 Bb7 12.Bf3 d6 13.Nb3 Be7 14.Qe2 O-O 15.Rd1 Rac8
16.O-O b4 17.axb4 Nxb4 18.Qf2 Nd7 19.Rd2 Ba8 20.Bd4 Nc6 21.Be3 Na5 22.Be2 Nc4
23.Bxc4 Qxc4 24.Ra1 Nf6 25.Ra4 Qc6 26.h3 Qb7 27.Qe2 Rxc3 28.bxc3 Nxe4 29.Rxe4 Qxe4
30.Rd4 Qc6 31.Rc4 Qb5 32.Nd4 Qd7 33.Rb4 a5 34.Qb5 Qc7 35.Rc4 Qb8 36.Ra4 Qxb5
37.Nxb5 Bc6 38.Rxa5 Bd8 39.Ra6 Bxb5 40.Rxd6 Bc7 41.Rd1 Bc6 42.g3 Rd8 43.Ra1 Ra8
44.Rc1 Kf8 45.Bc5+ Ke8 46.Bd4 f6 47.c4 Kf7 48.Kf2 Ra3 49.Be3 Ra4 50.c5 e5
51.f5 Ra2  0-1

[Event "ch-BLR U20"]
[Site "Minsk BLR"]
[Date "2009.08.13"]
[Round "4"]
[White "Kovalev,Vl"]
[Black "Varnavski,S"]
[Result "1-0"]
[WhiteElo "2307"]
[BlackElo "2321"]

1.e4 c5 2.Nf3 Nc6 3.Nc3 e6 4.d4 cxd4 5.Nxd4 a6 6.Be2 Qc7 7.O-O Nf6 8.Kh1 b5
9.Nxc6 dxc6 10.f4 b4 11.e5 bxc3 12.exf6 Qd8 13.Qxd8+ Kxd8 14.fxg7 Bxg7 15.b3 Kc7
16.Be3 a5 17.a4 Rd8 18.Rad1 Rd5 19.Bf3 Ba6 20.Rfe1 Rb8 21.Bxd5 cxd5 22.f5 Kd6
23.fxe6 fxe6 24.Bf4+ e5 25.Bg3 Re8 26.Re3 Bh6 27.Rxc3 Be2 28.Rd4 Bc1 29.Rh4 Bd2
30.Rf3 Bxf3 31.gxf3 Rc8 32.c4 dxc4 33.Rd4+ Ke6 34.Rxd2 cxb3 35.Bf2 Rc1+ 36.Kg2 Ra1
37.Rb2 Ra3 38.Be1 Kd5 39.Bxa5 Kd4 40.Bd2 Rxa4 41.Kf2 Ra2 42.Bc1 Kc3 43.Re2 h5
44.h4 Kd3 45.Bb2 e4 46.fxe4 Ra8 47.e5 Rf8+ 48.Ke1 Rg8 49.e6  1-0

[Event "A2Bmedialtd.com Int Gp A"]
[Site "Uxbridge ENG"]
[Date "2009.08.13"]
[Round "3"]
[White "Panchanathan,M"]
[Black "Tozer,R"]
[Result "1/2-1/2"]
[WhiteElo "2493"]
[BlackElo "2296"]

1.e4 c5 2.Nf3 Nc6 3.d4 cxd4 4.Nxd4 e6 5.Nc3 Qc7 6.Be2 a6 7.Be3 b5 8.Nxc6 Qxc6
9.Bf3 Bb7 10.e5 Qc7 11.O-O Ne7 12.Bxb7 Qxb7 13.Bc5 Rc8 14.Bd6 Nf5 15.Bxf8 Kxf8
16.Re1 Rc4 17.Qh5 h6 18.Qe2 Ke7 19.Ne4 Qc7 20.Ng3 Nxg3 21.hxg3 Rxc2 22.Qg4 Qc5
23.Re3 Kf8 24.Rd1 Rc4 25.Qf3 Ke7 26.Kh2 Qc6 27.Red3 Rd8 28.Qh5 Qe4 29.b3 Rc2
30.Rf3 g6 31.Qxh6 Qxe5 32.Qh4+ g5 33.Rxf7+ Kxf7 34.Qh7+ Kf6 35.Qxc2 d5 36.Kg1 d4
37.Qh7 Qf5 38.Qc7 Rd5 39.Qc8 d3 40.Qf8+ Kg6 41.Qg8+ Kf6 42.Qf8+ Kg6 43.Qg8+  1/2-1/2

[Event "24th ICT Acropolis"]
[Site "Chalkida GRE"]
[Date "2009.08.14"]
[Round "5"]
[White "Azarov,S"]
[Black "Aroshidze,L"]
[Result "1/2-1/2"]
[WhiteElo "2630"]
[BlackElo "2537"]

1.e4 c5 2.Nf3 e6 3.d4 cxd4 4.Nxd4 Nc6 5.Nc3 Qc7 6.Be2 a6 7.O-O Nf6 8.Be3 Be7
9.f4 d6 10.Kh1 O-O 11.a4 Re8 12.Bg1 Rb8 13.Qd3 e5 14.fxe5 dxe5 15.Nf5 Bxf5
16.Rxf5 Nd4 17.Bxd4 exd4 18.Qxd4 Bd6 19.Nd5 Nxd5 20.Qxd5 g6 21.Rf3 Re5 22.Qc4 Rc5
23.Qb3 Rf8 24.Raf1 Rxc2 25.Rxf7 Rxf7 26.Rxf7 Rc1+ 27.Rf1+ Kg7 28.g3 Rxf1+
29.Bxf1 a5 30.Kg2 Be5 31.Bc4 b6 32.Qb5 Qd6 33.Bd5 h5 34.b3 h4 35.Qd3 hxg3
36.hxg3 Qf6 37.Qd2 Bd6 38.Bc4 Qe5 39.Qe3 Bc5 40.Qf3 Qb2+ 41.Kh3 Qe5 42.Qg4 Qh5+
43.Qxh5 gxh5 44.e5 Bd4 45.e6 Kf6 46.Kh4 Be5  1/2-1/2

[Event "24th ICT Acropolis"]
[Site "Chalkida GRE"]
[Date "2009.08.14"]
[Round "5"]
[White "Kapnisis,S"]
[Black "Mastrovasilis,D"]
[Result "1/2-1/2"]
[WhiteElo "2464"]
[BlackElo "2567"]

1.e4 c5 2.Nf3 e6 3.d4 cxd4 4.Nxd4 Nc6 5.Nc3 Qc7 6.Be3 a6 7.Qd2 Nf6 8.O-O-O Bb4
9.f3 O-O 10.g4 b5 11.g5 Ne8 12.Nxc6 Qxc6 13.h4 Bxc3 14.bxc3 a5 15.h5 b4 16.c4 d6  1/2-1/2

[Event "Jubilee Open"]
[Site "Zuerich SUI"]
[Date "2009.08.14"]
[Round "8"]
[White "Alsina Leal,D"]
[Black "Das,Arg"]
[Result "1-0"]
[WhiteElo "2529"]
[BlackElo "2392"]

1.e4 c5 2.Nf3 e6 3.d4 cxd4 4.Nxd4 Nc6 5.Nc3 Qc7 6.Be2 a6 7.O-O Nf6 8.Be3 Be7
9.f4 d6 10.a4 O-O 11.Kh1 Re8 12.Bf3 Bd7 13.Nb3 b6 14.g4 Bc8 15.g5 Nd7 16.Bg2 Bb7
17.Rf3 Nb4 18.Rh3 g6 19.Qd2 Bf8 20.Rf1 Rac8 21.Qf2 Bg7 22.Bd4 Bxd4 23.Nxd4 Nf8
24.Nd1 Nc6 25.Nxc6 Bxc6 26.Ne3 h5 27.gxh6 Qb7 28.Ng4 Nh7 29.Qd4 f5 30.Nf2 Rcd8
31.Rg3 Nf8 32.Rg1 e5 33.fxe5 f4 34.Rc3 Kh7 35.Qc4 Rc8 36.exd6 Ne6 37.Ng4 Ng5
38.Nf6+ Kxh6 39.Nxe8 f3 40.Bxf3 Nxf3 41.Rxg6+ Kxg6 42.Qe6+ Kh7 43.Nf6+  1-0

[Event "24th ICT Acropolis"]
[Site "Chalkida GRE"]
[Date "2009.08.15"]
[Round "6"]
[White "Simeonidis,I"]
[Black "Kourousis,E"]
[Result "1-0"]
[WhiteElo "2266"]
[BlackElo "2237"]

1.e4 c5 2.Nf3 Nc6 3.d4 cxd4 4.Nxd4 e6 5.Nc3 Nf6 6.Ndb5 d6 7.Bf4 e5 8.Bg5 a6
9.Na3 Be6 10.Nc4 Rc8 11.Bxf6 gxf6 12.Ne3 Nd4 13.Bd3 Bg7 14.O-O O-O 15.Ncd5 Kh8
16.c3 Nc6 17.Qf3 Ne7 18.Nxf6 Ng6 19.Nfd5 Qg5 20.Nf5 Nh4 21.Nxh4 Qxh4 22.Ne3 Qf4
23.Qe2 Rg8 24.g3 Bh6 25.Kh1 Qf6 26.Nd5 Bxd5 27.exd5 Rce8 28.Qe4 Qg6 29.Rae1 Qxe4+
30.Bxe4 Rc8 31.Bf5 Rc5 32.Rd1 b5 33.Rfe1 Rb8 34.Re4 Rc4 35.Kg2 Rxe4 36.Bxe4 b4
37.c4 Rc8 38.b3 a5 39.Bf5 Rc7 40.Kf3 Bf8 41.Ke4 Bh6 42.Kd3 Bg5 43.a3 bxa3
44.Ra1 Rc5 45.Rxa3 Kg7 46.h4 Bd8 47.Ra4 h6 48.b4 axb4 49.Rxb4 Ba5 50.Rb7 Rc7
51.Rb5 Rc5 52.Rxc5 dxc5 53.d6 Kf8 54.Ke4 Ke8 55.Kd5 Bb4 56.g4 f6 57.f3 Kd8
58.Ke6 e4 59.Bxe4 Be1 60.Kxf6 Bxh4+ 61.Ke6 Bg5 62.Bc6 Bf4 63.Bb5 Bg5 64.Ke5 Bh4
65.f4 Bg3 66.Kd5 Bxf4 67.Kxc5 h5 68.gxh5 Kc8 69.Kd5 Kd8 70.c5  1-0

[Event "24th ICT Acropolis"]
[Site "Chalkida GRE"]
[Date "2009.08.15"]
[Round "6"]
[White "Firat,B"]
[Black "Managadze,N"]
[Result "1/2-1/2"]
[WhiteElo "2310"]
[BlackElo "2459"]

1.e4 c5 2.Nf3 e6 3.d4 cxd4 4.Nxd4 Nc6 5.Nc3 Qc7 6.g3 a6 7.Bg2 d6 8.O-O Nf6
9.Re1 Be7 10.Nxc6 bxc6 11.e5 dxe5 12.Rxe5 O-O 13.Re1 e5 14.Qe2 Re8 15.Bg5 h6
16.Bxf6 Bxf6 17.Qc4 Re6 18.Rad1 Rb8 19.b3 Qa5 20.Na4 Rb4 21.Qe2 e4 22.Bh3 e3
23.Bxe6 exf2+ 24.Qxf2 Bxe6 25.c4 Rxa4 26.bxa4 Qxa4 27.Rxe6 Qxd1+ 28.Re1 Qd6
29.Kg2 g6 30.c5 Qd5+ 31.Qf3 Qxa2+ 32.Re2 Qc4 33.Rf2 Be7 34.Qxc6 Bxc5 35.Qe8+ Bf8
36.Qe5 Qc6+ 37.Rf3 h5 38.Qf6 Qb7 39.Qe5 Qa8 40.Qf6 Qb7 41.Qe5 Be7 42.Qf4 Qd5
43.Qa4 a5 44.Qb3 Qxb3 45.Rxb3 a4 46.Rb7 Bf8 47.Ra7 a3 48.Kf3 Kg7 49.Ra6 Bc5
50.Ke4 Be7 51.Ra7 Kf6 52.Ra6+ Kg5 53.Ra7 f5+ 54.Kf3 Kf6 55.Ra6+ Kf7 56.Kf4 Bb4
57.Kf3 Bf8 58.h4 Bb4 59.Ke3 Bc5+ 60.Kf4  1/2-1/2

[Event "XVIII TCh-MKD"]
[Site "Struga MKD"]
[Date "2009.08.15"]
[Round "6"]
[White "Nedev,T"]
[Black "Simovski,G"]
[Result "1-0"]
[WhiteElo "2508"]
[BlackElo "2256"]

1.e4 c5 2.Nf3 e6 3.Nc3 Nc6 4.d4 cxd4 5.Nxd4 Qc7 6.Be3 a6 7.Qd2 b5 8.O-O-O Bb7
9.Kb1 Nf6 10.f3 Be7 11.g4 O-O 12.h4 b4 13.Nce2 Ne5 14.Nf4 Rfc8 15.Bd3 Nc4
16.Bxc4 Qxc4 17.g5 Ne8 18.Nd3 d5 19.e5 Nc7 20.b3 Qc3 21.Qxc3 bxc3 22.a4 a5
23.Ne2 d4 24.Nxd4 Nd5 25.Bc1 Rab8 26.Ka2 Ba6 27.Nf2 Bc5 28.Ne4 Bxd4 29.Rxd4 Be2
30.f4 Rb4 31.Rxb4 Nxb4+ 32.Kb1 Bf3 33.Re1 Bxe4 34.Rxe4 Nd5 35.Ba3 h6 36.Ka2 Rb8
37.Bd6 Rb7 38.gxh6 gxh6 39.h5 Kg7 40.Ka3 f5 41.Rc4 Kf7 42.b4 axb4+ 43.Bxb4 Ke8
44.a5 Kd8 45.Ka4 Rg7 46.Bc5 Rg4 47.a6 Kc7 48.Ka5  1-0

[Event "Abu Dhabi Festival Open"]
[Site "Abu Dhabi UAE"]
[Date "2009.08.16"]
[Round "5"]
[White "Filippov,An UZB"]
[Black "Illijin,N"]
[Result "1-0"]
[WhiteElo "2583"]
[BlackElo "2246"]

1.e4 c5 2.Nf3 e6 3.d4 cxd4 4.Nxd4 Nc6 5.Nc3 Qc7 6.Be2 a6 7.O-O Nf6 8.Be3 Bb4
9.Na4 Be7 10.Nxc6 bxc6 11.Nb6 Rb8 12.Nxc8 Qxc8 13.Bd4 O-O 14.Qd3 c5 15.Bc3 Qc7
16.Rad1 d5 17.e5 Ne4 18.b3 Nxc3 19.Qxc3 a5 20.f4 f5 21.exf6 Rxf6 22.Bg4 Bd6
23.g3 Rbf8 24.Rfe1 Qf7 25.Qe3 d4 26.Qxe6 Qxe6 27.Bxe6+ Kh8 28.Kg2 g5 29.f5 h5
30.c3 Rb8 31.cxd4 cxd4 32.Rxd4 Bb4 33.Rc1 Rff8 34.Kf3 Rbd8 35.Rxd8 Rxd8 36.Ke4 Bd6
37.f6 Rf8 38.Kf5 Be7 39.Rc8  1-0

[Event "Abu Dhabi Festival Open"]
[Site "Abu Dhabi UAE"]
[Date "2009.08.16"]
[Round "5"]
[White "Ovetchkin,R"]
[Black "Bocharov,D"]
[Result "1/2-1/2"]
[WhiteElo "2548"]
[BlackElo "2613"]

1.e4 c5 2.Nf3 Nc6 3.d4 cxd4 4.Nxd4 e6 5.Nc3 Qc7 6.Be3 a6 7.Qd2 Nf6 8.O-O-O Be7
9.f3 O-O 10.g4 b5 11.g5 Ne8 12.h4 Ne5 13.f4 b4 14.Na4 Ng4 15.Rg1 Nxe3 16.Qxe3 Bb7
17.e5 Qa5 18.b3 Nc7 19.Bg2 Bxg2 20.Rxg2 Nd5 21.Qf3 Rfc8 22.Nf5 Bc5 23.Rxd5 exd5
24.Qxd5 Qb5 25.Kb2 Qc6 26.Rd2 Ra7 27.Nxc5 Qxc5 28.Qxc5 Rxc5 29.Ne7+ Kf8 30.Nd5 a5
31.a3 bxa3+ 32.Kxa3 Ra6 33.Ka4 d6 34.c4 dxe5 35.fxe5 Ke8 36.Rd4 Rac6 37.Nc3 Rxe5
38.Nb5 Re3 39.Nd6+ Kf8 40.Nb7 Rb6 41.Nc5 Ke8 42.Kxa5 Rb8 43.Ka4 Re1 44.Ka3 Rd8
45.Rf4 Ke7 46.Na4 Ra1+ 47.Kb2 Rad1 48.Re4+ Kd6 49.b4 Kc7 50.Nc3 R8d2+ 51.Kb3 Rd3
52.c5 Rh3 53.b5 Rb1+ 54.Kc2 Rxc3+ 55.Kxc3 Rxb5 56.Re7+ Kd8 57.Re5 Kd7 58.Kc4 Kc6
59.Rf5 Ra5 60.h5 Ra4+ 61.Kd3 Rh4 62.Rxf7 Rxh5 63.Rxg7 Kxc5 64.Ke4 Kd6 65.Kf5 Rh1
66.Ra7 Rf1+ 67.Kg4 Rg1+ 68.Kf5  1/2-1/2

[Event "24th ICT Acropolis"]
[Site "Chalkida GRE"]
[Date "2009.08.16"]
[Round "7"]
[White "Azarov,S"]
[Black "Dzagnidze,N"]
[Result "1-0"]
[WhiteElo "2630"]
[BlackElo "2536"]

1.e4 c5 2.Nf3 e6 3.d4 cxd4 4.Nxd4 Nc6 5.Nc3 Qc7 6.Be2 Nf6 7.O-O Be7 8.Be3 O-O
9.f4 d6 10.Kh1 Bd7 11.Qe1 Nxd4 12.Bxd4 Bc6 13.Qg3 Rfd8 14.Rae1 g6 15.Bd3 d5
16.Be5 Qd7 17.exd5 Bxd5 18.f5 Nh5 19.Qh3 exf5 20.Nxd5 Qxd5 21.Rxf5 gxf5 22.Qxf5 f6
23.Qxh7+ Kf8 24.Qxh5 Qf7 25.Bg6 Qg7 26.Bf4  1-0